01417cam a22003494i 4500003000900000005001700009008004100026020001500067035002700082040003300109082002100142100002700163245002500190264003600215300003800251336002100289337002500310338002300335505055700358526001000915526001000925526001000935526001000945526000800955526000800963526000800971526000800979526000800987526000800995526000801003650005601011PE-LiUPU20250731173521.0150616s r 000 0 d a0871629917 a(Sirsi) i9780871629913 aPE-LiUPUbspacPE-LiUPUerda04a254.502bW742211 aWithrow, Oral,eautor.10aOur Church Can Grow. 1aIndiana :bWarner Press,c1991. a224 páginas ;c19 centímetros atext2rdacontent aunmediated2rdamedia avolume2rdacarrier0 aWe Could Grow.- A Biblical Basis for Church Growth.- The Numbers Game.- A Word of Caution from the Theologians.- Ways to Grow a Church.- Church Growth Is Multidimensional.- The Church Grows Upward through Worship.- Church Growth Principles.- The Church of God and the Church Growth Movement.- Renewal.- The Pastor Is a Key to Growth.- The Samll Church Can Grow.- A Multiple Staff for the Growing Church.- The Challenge of Church Planting.- Six Crucial Issues Affecting Growth in the Local Church.- Powerful Currents Affecting Church Growth in the 1990. aSEG42 aSEG41 aSEG40 aSEG39 aP94 aP87 aP86 aP85 aP77 aP76 aP3504aCRECIMIENTO DE IGLESIA - COMPENDIOS, MANUALES, ETC.